| 000 | 00412nam a2200133 a 4500 | ||
|---|---|---|---|
| 001 | 000030428 | ||
| 005 | 20200930062316.0 | ||
| 008 | 110517s19uu dr 000 0 spa d | ||
| 040 |
_aDO-SdBNP _bspa _cBNPHU |
||
| 245 | 0 | 0 |
_aUsos populares de plantas medicinales : _bplantas que pueden ser tóxica /. |
| 260 |
_aSanto Domingo : _bEditorial enda caribe, _c{199?}. |
||
| 300 |
_a10 p. : _bil. ; _c28 cm. |
||
| 049 | _aBNPD | ||
| 999 |
_c29920 _d29920 |
||